000 01186nam a2200313 i 4500
001 70512
003 Mx-PuUPA
005 20230829073409.0
008 230826s2021 mx a gr 000 0 spa d
020 _a9786075506685
040 _aMx-PuUPA
_bspa
_cMx-PuUPA
_dMx-PuUPA
_erda
041 0 _aspa
100 1 _aSantesmases Mestre, Miguel,
_93273
_eautor
245 1 0 _aMercadotecnia /
_bMiguel Santesmases Guzmán, Adriana del Carmen Sánchez Guzmán, Francisco Javier Valderrey Villar
250 _aPrimera edición
264 1 _aCiudad de México :
_bGrupo Editorial Patria,
_c©2021
300 _axviii, 402 páginas :
_bilustraciones, diagramas, tablas ;
_c27 cm
336 _2rdacontent
_atexto
_btxt
337 _2rdamedia
_asin medio
_bn
338 _2rdacarrier
_avolumen
_bnc
650 7 _2armarc
_aMercadeo
700 1 _aSánchez Guzmán, Adriana del Carmen,
_eautor
700 1 _aValderrey Villar, Francisco Javier,
_eautor
942 _2ddc
_cLI
_h658.8
_iS194
999 _c70512
_d70512